000 00549nmm a2200193Ia 4500
008 251105s9999||||xx |||||||||||||||||und||
020 _a9788497428699
041 _aspa
100 _aCaparrós
245 0 _aEl proceso psicosomático :
_b El ser humano en el paradigma de la complejidad
264 _a[Madrid, España] :
_bBiblioteca Nueva,
_c2008
300 _a384 páginas
490 _aImago
650 _aPsychology
700 _aCaparrós
700 1 _a Nicolás
856 _uhttps://public.digitaliapublishing.com/a/80
942 _cCF
999 _c63489
_d63489